Friday Night Funkin' Week 5 'Red Snow' Cameo Quiz - Statistics

General Stats
  • This quiz has been taken 13 times
  • The average score is 6 of 20
Answer Stats
Character Origins % Correct
Pico Pico's School
100%
Darnell Pico's School
83%
Hatsune Miku VOCALOID
67%
Henry Stickmin Henry Stickmin
58%
Sublo Sublo and Tangy Mustard
42%
Tangy Mustard Sublo and Tangy Mustard
42%
Meat Boy Super Meat Boy
33%
Blockhead Blockhead
25%
xXsquidwardXx xXsquidwardXx's character
25%
Cool Dude Cool Dude's character
17%
ZONE-tan Zone-Archive
17%
Buggy the Bug evilsk8r's character
8%
Chris Nightmare Cops
8%
Chris Hellbenders
8%
Gentles Gentles
8%
Guoy Gentles
8%
Jason Nightmare Cops
8%
Kenstar Girlchan in Paradise
8%
Stan Nightmare Cops
8%
Zach Hellbenders
8%
No matching quizzes found
Score Distribution
Percent of People with Each Score
Percentile by Number Answered
Your Score History
You have not taken this quiz